000 00443nam a2200181Ia 4500
005 20250603145006.0
008 250603s9999 xx 000 0 und d
020 _a9780170454797
050 _aHF 5635 .F86/
100 _aTrotman, Ken
245 0 _aFundamentals of accounting and Financial Management
260 _aAustralia
260 _bCengage
260 _c2023
300 _axx, 681p.: ill.
650 _aAustralia
942 _cBK
999 _c40548
_d40548